ROZPOZNAJ ŻUŻLOWCÓW PO ICH NUMERACH! - Statystyki

Ogólne statystyki
  • Ten quiz został rozwiązany 855 razy
  • Średni wynik to 9 z 30
Statystyki odpowiedzi
NUMER ZAWODNIK % Poprawnych
95 Bartosz Zmarzlik
99%
69 Jason Doyle
87%
71 Maciej Janowski
83%
505 Robert Lambert
77%
66 Fredrik Lindgren
71%
54 Martin Vaculik
70%
744 Kai Huckenbeck
55%
333 Janusz Kołodziej
43%
33 Jarosław Hampel
42%
842 Mateusz Cierniak
37%
29 Grzegorz Zengota
26%
523 Damian Ratajczak
21%
89 Emil Sayfutdinov
21%
277 Krzysztof Buczkowski
21%
111 Craig Cook
18%
999 Mathias Pollestad
17%
37 Chris Harris
15%
67 Rasmus Jensen
14%
100 Andreas Jonsson
13%
305 Antoni Mencel
11%
85 Antonio Lindback
11%
225 Vaclav Milik
10%
98 Timo Lahti
9%
75 Troy Batchelor
9%
84 Martin Smolinski
8%
415 David Bellego
6%
233 Kim Nilsson
6%
41 Frederik Jakobsen
5%
93 Oliver Berntzon
5%
31 Jakub Jamróg
4%
Nie znaleziono quizów pasujących do podanych kryteriów
Rozkład punktacji
Procent ludzi z każdym wynikiem
Percentyl według liczby udzielonych odpowiedzi
Twoja historia wyników
Nie rozwiązałeś tego quizu